EM 2024 Viertelfinalteilnehmer - Sudden Death - Statistiken

Allgemein
  • Dieses Quiz wurde 579 mal gespielt
  • Das Durchschnittsergebnis liegt bei 6 aus 8
Answers on the Grid
Answers color-coded by a green-red scale on the quiz's grid according to % correct below.
Spanien
Deutschland
Portugal
Frankreich
England
Schweiz
Niederlande
Türkei
Italien
Dänemark
Slowakei
Polen
Tschechien
Belgien
Rumänien
Österreich
 
Antwortstatistiken
Antwort % Korrekt
Deutschland
87%
Spanien
87%
England
83%
Frankreich
83%
Niederlande
73%
Portugal
57%
Türkei
50%
Schweiz
35%
Keine übereinstimmenden Quizze gefunden
Verteilung der Resultate
Anzahl Personen mit jedem Resultat
Perzentil nach korrekt beantworteten Fragen
Ihre Resultats-Entwicklung
Sie haben dieses Quiz noch nicht gespielt